Diccionario enciclopédico de educación especial.

Պահպանված է:
Մատենագիտական մանրամասներ
Ձևաչափ: Գիրք
Լեզու:իսպաներեն
Խորագրեր:
Ցուցիչներ: Ավելացրեք ցուցիչ
Չկան պիտակներ, Եղեք առաջինը, ով նշում է այս գրառումը!

MARC

LEADER 00000cam^a2200000uu^4500
001 000483212
005 20250521000000.0
008 050901s1986^^^^^^^^^^^^rc^r^^000^0^spa^d
009 20260310125105.687
022 |a 9681900634 
035 |a FCE 000026263 
035 |a FCE 017344 
037 |a Acervo ITESO - Biblioteca 
041 |a spa 
082 0 4 |a 371.9  |b DICc v.2 
245 0 0 |a Diccionario enciclopédico de educación especial. 
264 |a México :  |b Santillana,  |c 1986. 
300 |a pp. 526-1008 
336 |a texto  |b txt  |2 rdacontenido 
337 |a sin mediación  |b n  |2 rdamedio 
338 |a volumen  |b nc  |2 rdasoporte 
649 |a XX 
650 |a Educación especial 
650 |a Diccionario 
910 |a Fondo Centro de Estudios Educativos 
920 |a Impresos - Libros 
930 |a Fondos Especiales 
905 |a 133 
901 |a ALE017344  |b IT2  |c CEE  |u 20250521 
902 |a https://opac.biblio.iteso.mx/vufind/Record/000483212